LEADER 02087nam0 22004453i 450 001 VAN00230462 005 20240806101324.661 017 70$2N$a9783030356569 100 $a20211021d2020 |0itac50 ba 101 $aeng 102 $aCH 105 $a|||| ||||| 200 1 $aSemiconductor Nanophotonics$eMaterials, Models, and Devices$fMichael Kneissl ?$bet al.] editors 210 $aCham$cSpringer$d2020 215 $axxiii, 556 p.$cill.$d24 cm 410 1$1001VAN00025294$12001 $aSpringer series in solid-state sciences$1210 $aBerlin [etc.]$cSpringer$v194 500 1$3VAN00230467$aSemiconductor Nanophotonics : Materials, Models, and Devices$92111544 606 $a00A79 (77-XX)$xPhysics [MSC 2020]$3VANC023182$2MF 606 $a78A60$xLasers, masers, optical bistability, nonlinear optics [MSC 2020]$3VANC029030$2MF 606 $a82-XX$xStatistical mechanics, structure of matter [MSC 2020]$3VANC021931$2MF 610 $aElectrically driven quantum key systems$9KW:K 610 $aEnergy-efficient VCSELs$9KW:K 610 $aEpitaxial growth of quantum dots$9KW:K 610 $aHigh-speed VCSEL$9KW:K 610 $aNanoscale photonic devices$9KW:K 610 $aNanostructured semiconductors$9KW:K 610 $aOptoelectronic Devices$9KW:K 610 $aSelf-consistent solution of Maxwell's equations$9KW:K 610 $aUV laser diode for medical applications$9KW:K 620 $aCH$dCham$3VANL001889 702 1$aKneissl$bMichael$3VANV192324 712 $aSpringer $3VANV108073$4650 801 $aIT$bSOL$c20241115$gRICA 856 4 $uhttp://doi.org/10.1007/978-3-030-35656-9$zE-book ? Accesso al full-text attraverso riconoscimento IP di Ateneo, proxy e/o Shibboleth 899 $aBIBLIOTECA DEL DIPARTIMENTO DI MATEMATICA E FISICA$1IT-CE0120$2VAN08 912 $fN 912 $aVAN00230462 950 $aBIBLIOTECA DEL DIPARTIMENTO DI MATEMATICA E FISICA$d08DLOAD e-book 4357 $e08eMF4357 20211021 996 $aSemiconductor Nanophotonics$92111544 997 $aUNICAMPANIA LEADER 01609nam0 22003371i 450 001 VAN00015090 005 20240806100301.259 010 $a88-14-05643-9 020 $aIT$b97 1401 100 $a20040115d1996 |0itac50 ba 101 $aita 102 $aIT 105 $a|||| ||||| 200 1 $aImposte di registro e di successione$eprofili soggettivi ed implicazioni costituzionali$fSimone Ghinassi 210 $aMilano$cGiuffrè$d1996 215 $aXIII, 166 p.$d24 cm. 410 1$1001VAN00023866$12001 $aˆL'‰ordinamento tributario italiano$fcollana diretta da G. Falsitta e A. Fantozzi$1210 $aMilano$cGiuffrè$d1977- 606 $aTassa di registro$xLegislazione$3VANC007842$2FI 606 $aTasse di successione$xLegislazione$3VANC007843$2FI 620 $dMilano$3VANL000284 676 $a343.45055$v21 700 1$aGhinassi$bSimone$3VANV010969$0407200 712 $aGiuffrè $3VANV109181$4650 801 $aIT$bSOL$c20251114$gRICA 899 $aBIBLIOTECA DEL DIPARTIMENTO DI ECONOMIA$1IT-CE0106$2VAN03 912 $aVAN00015090 950 $aBIBLIOTECA DEL DIPARTIMENTO DI GIURISPRUDENZA$d00CONS XIX.Em.70 $e00 9887 20070206 950 $aBIBLIOTECA DEL DIPARTIMENTO DI GIURISPRUDENZA$d00CONS XIX.Em.70 bis $e00 11182 20070214 950 $aBIBLIOTECA DEL DIPARTIMENTO DI ECONOMIA$d03PREST IVGe15 $e03 30639 20130116 996 $aImposte di registro e di successione$967378 997 $aUNICAMPANIA